| 000 | 00605nam a2200181Ia 4500 | ||
|---|---|---|---|
| 008 | 090124s9999 xx 000 0 und d | ||
| 082 |
_b6294 _a266 |
||
| 100 | _aजोगळेकर चिंतामण वि. | ||
| 245 | _a अरे बाबा जाहिरात | ||
| 250 | _a1 | ||
| 260 | _c1942 | ||
| 300 | _a88 | ||
| 600 | _aजोगळेकर चिंतामण वि. | ||
| 630 | _a अरे बाबा जाहिरात | ||
| 700 | _aजोगळेकर चिंतामण वि. | ||
| 730 | _a अरे बाबा जाहिरात | ||
| 942 | _cBOOK | ||
| 999 |
_c120235 _d120235 |
||